000 00843nam a2200253Ia 4500
003 OSt
005 20220923215257.0
006 a|||||r|||| 00| 0
007 ta
008 220922b |||||||| |||| 00| 0 hin d
024 _a177,329
037 _cTextual
040 _aARTS
_cARTS
_bhin
041 _2hin
_ahin
082 _aO152,1K18:g, L3
100 _aपडूया, नरेश
245 0 _aप्राणनाथ सम्प्रदाय एवं साहित्य
246 _aPrāṇanāth sampradāya evan sāhitya
260 _aजयपुर
_b पंचशील प्रकाशन
_c1973
300 _a332 पृ.
_ccm.
650 _aहिन्दी साहित्य
_9156264
942 _hO152,1K18:g, L3
_cTEXL
_2CC
999 _c330717
_d330717